| 000 | 00791cam a2200277 a 4500 | ||
|---|---|---|---|
| 008 | |||
| 020 | _a0030275598 (hbk. ) | ||
| 049 | _aMAIN | ||
| 050 | 0 | 0 | _aHF5351 BOO |
| 100 | 1 | _aBoone, Louis E. | |
| 245 | 1 | 0 |
_aContemporary business / _cLouis E. Boone, David L. Kurtz. |
| 250 | _a6th ed. | ||
| 260 |
_aChicago : _bDryden Press, _c1990. |
||
| 300 |
_axxxvii,745, [43] p. : _bcol. ill. ; _c26 cm. |
||
| 440 | 4 | _aThe Dryden Press series in management. | |
| 500 | _aIncludes index. | ||
| 504 | _aIncludes bibliographical references. | ||
| 650 | 0 | _aBusiness. | |
| 650 | 0 | _aManagement. | |
| 700 | 1 | _aKurtz, David L. | |
| 907 |
_a.b10246095 _b31-05-07 _c28-05-07 |
||
| 003 | |||
| 005 | 20230123134451.0 | ||
| 040 | _cNUST | ||
| 942 | _cBOOKS | ||
| 999 |
_c166422 _d166422 |
||